000 00607nam a22002177a 4500
003 UA-OsUOA
001 127242
007 ta
008 20171122b un ||||| |||| 00| 0 ukr d
090 _a821.161.1
_bИ32
942 _cBK
040 _aUA-OsUOA
_brus
_cUA-OsUOA
_dUA-OsUOA
245 _aИз испанской поэзии XVII века
300 _a192 с.
955 _a3
041 _arus
080 _a821.161.1
260 _aСПб
_bХудожественная литература
_c1983
650 7 _a82 Література. Літературознавство
_2UDC
999 _c414398
_d414398